000
00294nam a22001217a 4500
082
_a
030
_b
CHA/M
100
_a
CHANDRAN, SUDHEESH
245
_a
MATHEMATICS RANK SCORER
260
_a
TRIVANDRUM
_b
MATHEMATICS RANK SCORER
300
_a
467
650
_a
MATHEMATICS ENCYCLOPEDIA
_z
INDIA
942
_c
BK
999
_c
2173
_d
2173